000
00199 a2200097 4500
001
42717
100
_a
Mars
245
_a
Arctic Submarine
260
_a
London
_b
Elek Books
_c
090
_c
26609
_d
26609
942
_a
NUST-CAE
_c
M
_c
18457
999
_c
277790
_d
277790